[Event "Titled Tuesday intern op 30th Aug Late"]
[Site "Chess.com INT"]
[Date "2022.08.30"]
[Round "11"]
[White "Leiva Rodriguez, Jeammarco Giuseppe"]
[Black "Jorquera Cahuin, Marcelo Joaquin"]
[Result "1-0"]
[WhiteElo "2389"]
[BlackElo "2233"]
[PlyCount "89"]
[EventDate "2022.08.30"]
[EventType "swiss (blitz)"]
[EventRounds "11"]
[EventCountry "USA"]
[SourceTitle "EXT 2023"]
[Source "ChessBase"]
[SourceDate "2022.10.05"]
[SourceVersion "1"]
[SourceVersionDate "2022.10.05"]
[SourceQuality "1"]

1. e4 d5 2. exd5 Nf6 3. Nf3 Nxd5 4. d4 g6 5. c4 Nb6 6. Nc3 Bg7 7. h3 0-0 8. Be3 Nc6 9. Be2 e5 10. d5 Ne7 11. Qb3 Nf5 12. Bc5 Re8 13. 0-0-0 Nd7 14. Ba3 Nd4 15. Qa4 Nb6 16. Qa5 Nxe2+ 17. Nxe2 Nxc4 18. Qc5 Nxa3 19. Qxa3 e4 20. Ne1 h5 21. Kb1 Qf6 22. Rf1 Bd7 23. Nc2 c5 24. Nc3 Qe5 25. Qxc5 Rec8 26. Qe3 Bb5 27. Rfe1 Bd3 28. Rxd3 exd3 29. Qxd3 Qg5 30. g3 Re8 31. Rd1 Qf6 32. Rd2 Rad8 33. d6 Re6 34. d7 Re7 35. Qb5 Qe6 36. Qxb7 Rexd7 37. Rxd7 Rxd7 38. Qb8+ Kh7 39. Ne3 Rd3 40. Ncd1 Qd7 41. Kc2 Rd2+ 42. Kc1 Qd3 43. Qb3 Qe2 44. Qc3 Rd3 45. Qc2 1-0

[Event "Titled Tuesday intern op 23rd Aug Late"]
[Site "Chess.com INT"]
[Date "2022.08.23"]
[Round "9"]
[White "Fajdetic, Hrvoje"]
[Black "Jorquera Cahuin, Marcelo Joaquin"]
[Result "0-1"]
[WhiteElo "2151"]
[BlackElo "2233"]
[PlyCount "54"]
[EventDate "2022.08.23"]
[EventType "swiss (blitz)"]
[EventRounds "11"]
[EventCountry "USA"]
[SourceTitle "EXT 2023"]
[Source "ChessBase"]
[SourceDate "2022.10.05"]
[SourceVersion "1"]
[SourceVersionDate "2022.10.05"]
[SourceQuality "1"]

1. d4 Nf6 2. Bf4 g6 3. Nc3 d5 4. e3 c6 5. Qd2 Bg7 6. 0-0-0 0-0 7. f3 b5 8. g4 Qa5 9. a3 Qb6 10. h4 h5 11. Bh3 a5 12. Nge2 Nbd7 13. Ng3 b4 14. Nb1 hxg4 15. fxg4 Ne4 16. Nxe4 dxe4 17. g5 e5 18. dxe5 Nxe5 19. Bxc8 Nc4 20. c3 Nxd2 21. Rxd2 Rfxc8 22. h5 bxc3 23. Nxc3 Qb3 24. Nxe4 Rd8 25. Nf6+ Bxf6 26. gxf6 Rxd2 27. Kxd2 Rd8+ 0-1

[Event "Titled Tuesday intern op 09th Aug Early"]
[Site "Chess.com INT"]
[Date "2022.08.09"]
[Round "4"]
[White "Ekdyshman, Mikhail"]
[Black "Jorquera Cahuin, Marcelo Joaquin"]
[Result "1-0"]
[WhiteElo "2297"]
[BlackElo "2233"]
[PlyCount "93"]
[EventDate "2022.08.09"]
[EventType "swiss (blitz)"]
[EventRounds "11"]
[EventCountry "USA"]
[SourceTitle "EXT 2023"]
[Source "ChessBase"]
[SourceDate "2022.10.05"]
[SourceVersion "1"]
[SourceVersionDate "2022.10.05"]
[SourceQuality "1"]

1. e4 d5 2. exd5 Qxd5 3. Nc3 Qa5 4. Bc4 Nf6 5. d4 c6 6. h3 Bf5 7. Nf3 e6 8. Bd2 Bb4 9. 0-0 0-0 10. a3 Bxc3 11. Bxc3 Qb6 12. b4 Rd8 13. Qe2 Nbd7 14. Rfe1 h6 15. a4 a6 16. Bd2 Nd5 17. c3 N7f6 18. a5 Qc7 19. Ne5 Ne4 20. Rac1 Nxd2 21. Qxd2 Rd6 22. Bd3 Ne7 23. Nc4 Rdd8 24. Nb6 Rab8 25. Bf1 Nd5 26. Nc4 Qf4 27. g3 Qxd2 28. Nxd2 Nf6 29. g4 Bg6 30. Bg2 Nd5 31. Bxd5 cxd5 32. Nb3 Rdc8 33. Nc5 Rc7 34. f3 Kf8 35. h4 Ke7 36. h5 Bh7 37. f4 Kd6 38. Re5 Re8 39. Rce1 Ree7 40. Kf2 Bg8 41. R5e3 Kc6 42. f5 Kd6 43. fxe6 fxe6 44. Kg3 Bf7 45. Re5 Rc6 46. Rf1 Rcc7 47. Rxf7 1-0

[Event "Titled Tuesday intern op 09th Aug Early"]
[Site "Chess.com INT"]
[Date "2022.08.09"]
[Round "7"]
[White "Gonzalez Vega, Alejandro"]
[Black "Jorquera Cahuin, Marcelo Joaquin"]
[Result "0-1"]
[WhiteElo "2092"]
[BlackElo "2233"]
[PlyCount "102"]
[EventDate "2022.08.09"]
[EventType "swiss (blitz)"]
[EventRounds "11"]
[EventCountry "USA"]
[SourceTitle "EXT 2023"]
[Source "ChessBase"]
[SourceDate "2022.10.05"]
[SourceVersion "1"]
[SourceVersionDate "2022.10.05"]
[SourceQuality "1"]

1. e4 d5 2. exd5 Qxd5 3. Nc3 Qa5 4. b4 Qxb4 5. Rb1 Qd6 6. Nf3 c6 7. d4 Nf6 8. Rb3 g6 9. Ba3 Qc7 10. Be2 Bg7 11. 0-0 0-0 12. Re1 Re8 13. h3 Be6 14. Rb1 Nd5 15. Nxd5 Bxd5 16. c4 Be4 17. Rb3 Nd7 18. Bf1 Nf6 19. Ng5 Bf5 20. g4 Bc8 21. Rbe3 e6 22. Ne4 Nxe4 23. Rxe4 b5 24. cxb5 cxb5 25. Bxb5 Bd7 26. Bxd7 Qxd7 27. d5 exd5 28. Rxe8+ Rxe8 29. Rxe8+ Qxe8 30. Qxd5 h6 31. Kg2 Kh7 32. Bc5 Qb5 33. Qd6 Qb7+ 34. Kg3 a6 35. Bd4 Bxd4 36. Qxd4 Qh1 37. Qf6 Qg1+ 38. Kf3 Qh1+ 39. Ke2 Qe4+ 40. Kd2 Qd5+ 41. Ke3 Qxa2 42. Kf3 Qb3+ 43. Kg2 a5 44. h4 Qd5+ 45. Kg3 a4 46. g5 h5 47. f3 a3 48. Qa6 a2 49. Qa7 Kg7 50. Qa6 Qe5+ 51. Kf2 a1Q 0-1

[Event "Titled Tuesday intern op 09th Aug Early"]
[Site "Chess.com INT"]
[Date "2022.08.09"]
[Round "10"]
[White "Jorquera Cahuin, Marcelo Joaquin"]
[Black "Fernandez Hernandez, Gerardo"]
[Result "1-0"]
[WhiteElo "2233"]
[BlackElo "2169"]
[PlyCount "55"]
[EventDate "2022.08.09"]
[EventType "swiss (blitz)"]
[EventRounds "11"]
[EventCountry "USA"]
[SourceTitle "EXT 2023"]
[Source "ChessBase"]
[SourceDate "2022.10.05"]
[SourceVersion "1"]
[SourceVersionDate "2022.10.05"]
[SourceQuality "1"]

1. e4 e6 2. Qe2 Be7 3. Nf3 d5 4. d3 Nc6 5. g3 Nf6 6. Bg2 dxe4 7. dxe4 e5 8. 0-0 0-0 9. Rd1 Bd7 10. Bg5 h6 11. Bxf6 Bxf6 12. Bh3 Nd4 13. Nxd4 exd4 14. Bxd7 Qxd7 15. e5 Rfe8 16. f4 Be7 17. Qe4 Bc5 18. Kg2 Qb5 19. b3 Rad8 20. Nd2 b6 21. Nf3 Re7 22. a4 Qb4 23. Rd3 Red7 24. Rad1 Qa3 25. f5 Qb2 26. R1d2 Qc1 27. g4 Re7 28. h3 1-0

[Event "Titled Tuesday intern op 09th Aug Late"]
[Site "Chess.com INT"]
[Date "2022.08.09"]
[Round "4"]
[White "Jorquera Cahuin, Marcelo Joaquin"]
[Black "Krstulovic, Alex"]
[Result "1-0"]
[WhiteElo "2233"]
[BlackElo "2381"]
[PlyCount "101"]
[EventDate "2022.08.09"]
[EventType "swiss (blitz)"]
[EventRounds "11"]
[EventCountry "USA"]
[SourceTitle "EXT 2023"]
[Source "ChessBase"]
[SourceDate "2022.10.05"]
[SourceVersion "1"]
[SourceVersionDate "2022.10.05"]
[SourceQuality "1"]

1. e4 e5 2. Nc3 Nf6 3. f4 d5 4. fxe5 Nxe4 5. d3 Qh4+ 6. g3 Nxg3 7. Nf3 Qh5 8. Nxd5 Na6 9. Nf4 Qh6 10. Ne2 Nxh1 11. Bxh6 gxh6 12. Bg2 Bg4 13. Bxh1 0-0-0 14. d4 Nb4 15. c3 Nd5 16. Qb3 Be6 17. Qa4 Kb8 18. Ng3 h5 19. Nxh5 Bh6 20. Nf6 Ne3 21. Kf2 Nf5 22. Re1 c6 23. Bg2 Ne7 24. Ng1 Ng6 25. Bh3 Nf4 26. Bxe6 fxe6 27. Re4 Rhf8 28. Nf3 Rf7 29. h4 Nd3+ 30. Kf1 Nf4 31. Ng5 Bxg5 32. hxg5 Ng6 33. Ke2 h6 34. gxh6 Rh8 35. h7 Rhxh7 36. Nxh7 Rxh7 37. Kd3 Rh3+ 38. Re3 Nf4+ 39. Ke4 Rxe3+ 40. Kxe3 Nd5+ 41. Kf3 Kc7 42. Qa3 a6 43. Qd6+ Kb6 44. Qxe6 Kb5 45. Qd6 Kc4 46. Qc5+ Kd3 47. e6 b6 48. Qxc6 Ne7 49. Qd7 Nf5 50. e7 b5 51. Qxf5+ 1-0

[Event "Titled Tuesday intern op 09th Aug Early"]
[Site "Chess.com INT"]
[Date "2022.08.09"]
[Round "3"]
[White "Musat, Adrian"]
[Black "Jorquera Cahuin, Marcelo Joaquin"]
[Result "0-1"]
[WhiteElo "2378"]
[BlackElo "2233"]
[PlyCount "52"]
[EventDate "2022.08.09"]
[EventType "swiss (blitz)"]
[EventRounds "11"]
[EventCountry "USA"]
[SourceTitle "EXT 2023"]
[Source "ChessBase"]
[SourceDate "2022.10.05"]
[SourceVersion "1"]
[SourceVersionDate "2022.10.05"]
[SourceQuality "1"]

1. d4 Nf6 2. c4 g6 3. Nc3 Bg7 4. e4 d6 5. Be2 0-0 6. Bg5 Na6 7. f4 c6 8. Nf3 Nc7 9. 0-0 Ne6 10. Bxf6 Bxf6 11. e5 Bg7 12. f5 gxf5 13. Kh1 dxe5 14. Nxe5 Qxd4 15. Rxf5 Bxe5 16. Qf1 Bg7 17. Rd1 Qb6 18. Bh5 Bf6 19. Rd3 Ng7 20. Rg3 Bxf5 21. Qxf5 Kh8 22. Qg4 Nxh5 23. Qxh5 Qf2 24. Qd1 Rad8 25. Qb1 Bxc3 26. bxc3 Rg8 0-1

[Event "Titled Tuesday intern op 09th Aug Early"]
[Site "Chess.com INT"]
[Date "2022.08.09"]
[Round "11"]
[White "Ovezdurdiyeva, Jemal"]
[Black "Jorquera Cahuin, Marcelo Joaquin"]
[Result "0-1"]
[WhiteElo "2061"]
[BlackElo "2233"]
[PlyCount "82"]
[EventDate "2022.08.09"]
[EventType "swiss (blitz)"]
[EventRounds "11"]
[EventCountry "USA"]
[SourceTitle "EXT 2023"]
[Source "ChessBase"]
[SourceDate "2022.10.05"]
[SourceVersion "1"]
[SourceVersionDate "2022.10.05"]
[SourceQuality "1"]

1. e4 d5 2. exd5 Qxd5 3. Nc3 Qa5 4. d4 Nf6 5. Nf3 Bf5 6. Ne5 c6 7. g4 Be6 8. f4 g6 9. Bd2 Qb6 10. Bc1 Bg7 11. h3 0-0 12. Na4 Qa5+ 13. c3 Nfd7 14. Nf3 Rd8 15. Qc2 Bd5 16. Bg2 b5 17. Nc5 Nxc5 18. dxc5 Nd7 19. b4 Qc7 20. 0-0 a5 21. Bb2 Qxf4 22. Rf2 Qg3 23. a3 Ne5 24. Nh2 Nc4 25. Nf1 Qc7 26. Bxd5 Rxd5 27. Re1 axb4 28. axb4 Ra2 29. Qb1 Ra8 30. Ne3 Nxe3 31. Rxe3 Rad8 32. Qe4 Rd2 33. Ree2 Rxe2 34. Rxe2 e6 35. Qf3 Rd1+ 36. Kg2 Qd7 37. Rf2 Qd5 38. Qxd5 exd5 39. Rc2 Rd3 40. Rc1 Rd2+ 41. Kg3 Rxb2 0-1